000 00576nam a2200217Ia 4500
005 20250508162851.0
008 008 250505s9999 xx 000 0 eng d
020 _a0 297 79556 2
037 _aTextual
040 _aFEDL
_beng
_cFEDL
041 _aeng
_2eng
084 _a330, LIP
_qFEDL
100 _aLipsey Richard G.
245 0 _aIntroduction to positive economics
250 _a7th
260 _aLondon, UK
_bWeidenfeld and Nicolson
_c1989
300 _axxii,808p.
650 _aEconomics
942 _cTEXL
_h330, LIP
999 _c1379133
_d1379133